<?xml version="1.0" encoding="UTF-8"?><?xml-stylesheet type="text/xsl" href="static/style.xsl"?><OAI-PMH xmlns="http://www.openarchives.org/OAI/2.0/" xmlns:xsi="http://www.w3.org/2001/XMLSchema-instance" xsi:schemaLocation="http://www.openarchives.org/OAI/2.0/ http://www.openarchives.org/OAI/2.0/OAI-PMH.xsd"><responseDate>2026-06-29T02:06:06Z</responseDate><request verb="GetRecord" identifier="oai:docta.ucm.es:20.500.14352/102569" metadataPrefix="marc">https://docta.ucm.es/rest/oai/request</request><GetRecord><record><header><identifier>oai:docta.ucm.es:20.500.14352/102569</identifier><datestamp>2025-03-18T14:03:02Z</datestamp><setSpec>com_20.500.14352_14</setSpec><setSpec>col_20.500.14352_15</setSpec></header><metadata><record xmlns="http://www.loc.gov/MARC21/slim" xmlns:dcterms="http://purl.org/dc/terms/" xmlns:xsi="http://www.w3.org/2001/XMLSchema-instance" xmlns:doc="http://www.lyncode.com/xoai" xsi:schemaLocation="http://www.loc.gov/MARC21/slim http://www.loc.gov/standards/marcxml/schema/MARC21slim.xsd">
   <leader>00925njm 22002777a 4500</leader>
   <datafield ind2=" " ind1=" " tag="042">
      <subfield code="a">dc</subfield>
   </datafield>
   <datafield ind2=" " ind1=" " tag="720">
      <subfield code="a">Jiménez Rodríguez, Diana</subfield>
      <subfield code="e">author</subfield>
   </datafield>
   <datafield ind2=" " ind1=" " tag="720">
      <subfield code="a">Molero Jurado, María del Mar</subfield>
      <subfield code="e">author</subfield>
   </datafield>
   <datafield ind2=" " ind1=" " tag="720">
      <subfield code="a">Pérez Fuentes, María del Carmen</subfield>
      <subfield code="e">author</subfield>
   </datafield>
   <datafield ind2=" " ind1=" " tag="720">
      <subfield code="a">Arrogante Maroto, Óscar</subfield>
      <subfield code="e">author</subfield>
   </datafield>
   <datafield ind2=" " ind1=" " tag="720">
      <subfield code="a">Oropesa Ruiz, Nieves Fátima</subfield>
      <subfield code="e">author</subfield>
   </datafield>
   <datafield ind2=" " ind1=" " tag="720">
      <subfield code="a">Gázquez Linares, José Jesús</subfield>
      <subfield code="e">author</subfield>
   </datafield>
   <datafield ind2=" " ind1=" " tag="260">
      <subfield code="c">2022-05-07</subfield>
   </datafield>
   <datafield ind2=" " ind1=" " tag="520">
      <subfield code="a">There is a growing body of research on emotional intelligence and resilience in nursing students. However, there is little evidence of the development of these variables in intervention programs. This study aims to analyze the effects of a non-technical skills training program in emotional intelligence and resilience. Sixty students in the second year of Nursing Education from a Spanish public university completed this psychoeducational course. The pre-experimental design was longitudinal with pre- and post-intervention evaluation. The course consisted of 12 sessions of classroom education, three small-group workshops and a set of individual activities. Results in the emotional intelligence dimensions showed that Clarity (t = 3.10, p = 0.003) and Repair (t = 3.59, p &amp;lt; 0.001) increased significantly after participation in the program. Furthermore, the participants had a higher Resilience index when they had completed the program, with a statistically significant difference from the pre-course mean (t = 2.83, p = 0.006). This non-technical skills training program was an effective method of improving emotional intelligence and resilience in nursing students. Therefore, its use is recommended as a psychoeducational strategy for training undergraduate nursing students, as it improves their personal and professional competencies, resulting in higher-quality care.</subfield>
   </datafield>
   <datafield ind1="8" ind2=" " tag="024">
      <subfield code="a">Jiménez-Rodríguez D, Molero Jurado MDM, Pérez-Fuentes MDC, Arrogante O, Oropesa-Ruiz NF, Gázquez-Linares JJ. The Effects of a Non-Technical Skills Training Program on Emotional Intelligence and Resilience in Undergraduate Nursing Students. Healthcare;10(5):866. https:// doi.org/10.3390/healthcare10050866</subfield>
   </datafield>
   <datafield ind1="8" ind2=" " tag="024">
      <subfield code="a">2227-9032</subfield>
   </datafield>
   <datafield ind1="8" ind2=" " tag="024">
      <subfield code="a">10.3390/healthcare10050866</subfield>
   </datafield>
   <datafield ind1="8" ind2=" " tag="024">
      <subfield code="a">https://hdl.handle.net/20.500.14352/102569</subfield>
   </datafield>
   <datafield ind1="8" ind2=" " tag="024">
      <subfield code="a">https:// doi.org/10.3390/healthcare10050866</subfield>
   </datafield>
   <datafield ind2="0" ind1="0" tag="245">
      <subfield code="a">The Effects of a Non-Technical Skills Training Program on Emotional Intelligence and Resilience in Undergraduate Nursing Students</subfield>
   </datafield>
</record></metadata></record></GetRecord></OAI-PMH>